000 00597nam a22002057a 4500
003 LK-CoMWRAF
005 20231109112151.0
008 231006b1999 |||||||| |||| 00| 0 eng d
020 _a0395957842
040 _aLK-CoMWRAF
_dLK-CoMWRAF
_eLK-CoMWRAF
041 _aeng
082 _a910.922
_bOLD
100 _aOlds, Elizabeth Fagg
245 _aWomen of the four winds
260 _aBoston:
_bMariner books,
_c1999
300 _axi, 318 p. : ill., maps, ports. ; 24 cm.
_bIndex included
650 _aWOMEN EXPLORERS--Biography
650 _aExplorers--United States--Biography.
942 _cBK
999 _c3804
_d3804